| 000 | 00539ntaaa2200193 4500 | ||
|---|---|---|---|
| 003 | 01 | ||
| 005 | 20251027201359.0 | ||
| 008 | 0714s1973 ag 01 | ||
| 040 |
_aAR-BaBN _bspa _cAR-BaBN _eaacr _dRIC |
||
| 082 | _a225.5600 B47 | ||
| 100 |
_aBiblia. N.T. Castellano. Reina-Valera. 1966 _912252 |
||
| 245 | _aEl Nuevo Testamento | ||
| 250 | _a1 ed. | ||
| 260 |
_aEl Paso : _bVerdad, _c1966 |
||
| 300 |
_a298 p. ; _c13 cm |
||
| 500 | _aEdición "El Camino de Vida" | ||
| 650 |
_aBiblia. N.T. Español. Reina-Valera. 1966 _912253 |
||
| 942 | _cBK | ||
| 999 |
_c8316 _d8316 |
||